[Event "Mauricie op"]
[Site "Trois-Rivieres "]
[Date "2013.03.17"]
[Round "4"]
[White "Robichaud, Louis"]
[Black "Berube, Antoine"]
[Result "1/2-1/2"]
[WhiteElo "2053"]
[BlackElo "2258"]
[PlyCount "66"]
[EventDate "2013.03.15"]
[EventRounds "5"]
[EventCountry "CAN"]
[SourceDate "2005.09.12"]

1. e4 c5 2. Nc3 Nc6 3. g3 g6 4. Bg2 Bg7 5. d3 Rb8 6. f4 d6 7. Nf3 e6 8. O-O
Nge7 9. Be3 Nd4 10. e5 Nef5 11. Bf2 O-O 12. Ne4 Nxf3+ 13. Qxf3 b6 14. g4 dxe5
15. gxf5 exf5 16. Nc3 Bb7 17. Qg3 Bxg2 18. Qxg2 exf4 19. Nd5 Bxb2 20. Rae1 Qd6
21. Bh4 Bd4+ 22. Kh1 f6 23. Nxf4 Kf7 24. Re6 Qd7 25. Rfe1 Rfe8 26. Rxe8 Rxe8
27. Rxe8 Kxe8 28. Qa8+ Kf7 29. Qh8 Qc6+ 30. Ng2 Qf3 31. Qxh7+ Ke6 32. Qg8+ Ke7
33. Qg7+ Ke6 1/2-1/2

[Event "Mauricie op"]
[Site "Trois-Rivieres "]
[Date "2013.03.17"]
[Round "4"]
[White "Bolduc, Steve"]
[Black "Masse, Hugues"]
[Result "0-1"]
[WhiteElo "2215"]
[BlackElo "2212"]
[PlyCount "100"]
[EventDate "2013.03.15"]
[EventRounds "5"]
[EventCountry "CAN"]
[SourceDate "2005.09.12"]

1. d4 Nf6 2. c4 g6 3. Nc3 d5 4. cxd5 Nxd5 5. e4 Nxc3 6. bxc3 Bg7 7. Qa4+ Nd7 8.
Nf3 O-O 9. Be3 c5 10. Rc1 e6 11. Bb5 Qc7 12. Qa3 b6 13. O-O Nf6 14. dxc5 Bb7
15. e5 Ng4 16. c6 Bxc6 17. Bxc6 Qxc6 18. Bd4 Rfd8 19. Rfe1 Nh6 20. Rcd1 Nf5 21.
Qa6 Rd7 22. Rb1 Rc8 23. a4 Qc4 24. Qxc4 Rxc4 25. a5 Nxd4 26. cxd4 bxa5 27. Rec1
Rxc1+ 28. Rxc1 Bf8 29. Kf1 a4 30. Ke2 a3 31. Kd3 Rb7 32. Rc2 Rb3+ 33. Kc4 Rb2
34. Rxb2 axb2 35. Nd2 a5 36. Kb3 Bb4 37. Nb1 Kf8 38. Kxb2 Ke7 39. Na3 Bxa3+ 40.
Kxa3 Kd7 41. Ka4 Kc6 42. Kxa5 Kd5 43. Kb6 Kxd4 44. f4 Ke4 45. g3 g5 46. fxg5
Kxe5 47. Kc5 Kf5 48. h4 Kg4 49. Kd6 Kxg3 50. h5 Kf4 0-1

[Event "Mauricie op"]
[Site "Trois-Rivieres "]
[Date "2013.03.17"]
[Round "4"]
[White "Larochelle, Martial"]
[Black "Poulin, Mathieu"]
[Result "1/2-1/2"]
[WhiteElo "2199"]
[BlackElo "2002"]
[PlyCount "59"]
[EventDate "2013.03.15"]
[EventRounds "5"]
[EventCountry "CAN"]
[SourceDate "2005.09.12"]

1. d4 d5 2. c4 e6 3. Nc3 Nf6 4. cxd5 exd5 5. Bg5 Be7 6. e3 c6 7. Qc2 O-O 8. Bd3
Nbd7 9. Nf3 Re8 10. O-O Nf8 11. h3 g6 12. Bxf6 Bxf6 13. b4 Ne6 14. b5 c5 15.
dxc5 Nxc5 16. Rad1 Nxd3 17. Qxd3 Bf5 18. Qd2 Bxc3 19. Qxc3 Rc8 20. Qd4 Be4 21.
Nd2 Qb6 22. Qxb6 axb6 23. Nxe4 dxe4 24. Rd6 Ra8 25. Rxb6 Re7 26. Rc1 Rxa2 27.
Rd6 Re5 28. Rb6 Rf5 29. Rf1 Rb2 30. Rxb7 1/2-1/2

[Event "Mauricie op"]
[Site "Trois-Rivieres "]
[Date "2013.03.17"]
[Round "4"]
[White "Dumouchel, Alain"]
[Black "Poirier, Erik"]
[Result "0-1"]
[WhiteElo "1967"]
[BlackElo "2057"]
[PlyCount "62"]
[EventDate "2013.03.15"]
[EventRounds "5"]
[EventCountry "CAN"]
[SourceDate "2005.09.12"]

1. e4 c5 2. Nf3 Nc6 3. d4 cxd4 4. Nxd4 Nf6 5. Nc3 e5 6. Ndb5 d6 7. Bg5 a6 8.
Bxf6 gxf6 9. Na3 b5 10. Nd5 Bg7 11. c3 Ne7 12. Nc2 Nxd5 13. Qxd5 Be6 14. Qd2 d5
15. a4 O-O 16. exd5 Bxd5 17. axb5 axb5 18. O-O-O Qa5 19. Qxd5 Rfd8 20. Qb3 Bh6+
21. Ne3 Bxe3+ 22. Kc2 Rxd1 23. Kxd1 Bf4 24. Kc2 Qa1 25. Qxb5 Qc1+ 26. Kb3 Qd1+
27. Kb4 e4 28. Qc6 Rb8+ 29. Kc5 f5 30. Bc4 Bd6+ 31. Qxd6 Rc8+ 0-1

[Event "Mauricie op"]
[Site "Trois-Rivieres "]
[Date "2013.03.17"]
[Round "4"]
[White "Nunez, Omar"]
[Black "Lebeau, Gilbert"]
[Result "1-0"]
[WhiteElo "2027"]
[BlackElo "1978"]
[PlyCount "57"]
[EventDate "2013.03.15"]
[EventRounds "5"]
[EventCountry "CAN"]
[SourceDate "2005.09.12"]

1. Nf3 Nf6 2. g3 d5 3. Bg2 e6 4. O-O Be7 5. d3 O-O 6. Nbd2 c5 7. e4 Nc6 8. e5
Nd7 9. Re1 Qc7 10. Qe2 b6 11. Nf1 Ba6 12. Bf4 c4 13. d4 Nb4 14. Qd2 Rac8 15. a3
c3 16. bxc3 Nc6 17. Ne3 Na5 18. Nxd5 exd5 19. e6 Bd6 20. exd7 Qxd7 21. Ne5 Qb7
22. Nd3 Bxf4 23. Nxf4 Rcd8 24. h4 Qc6 25. Re7 Qa8 26. Rae1 Bc4 27. Qd1 a6 28.
Qg4 Qc6 29. Ne6 1-0

[Event "Mauricie op"]
[Site "Trois-Rivieres "]
[Date "2013.03.17"]
[Round "4"]
[White "Sun, Mike"]
[Black "Bleau, John"]
[Result "1/2-1/2"]
[WhiteElo "2084"]
[BlackElo "1974"]
[PlyCount "43"]
[EventDate "2013.03.15"]
[EventRounds "5"]
[EventCountry "CAN"]
[SourceDate "2005.09.12"]

1. e4 Nf6 2. e5 Nd5 3. d4 d6 4. c4 Nb6 5. exd6 cxd6 6. h3 g6 7. Nf3 Bg7 8. Nc3
O-O 9. Be2 Nc6 10. O-O Bf5 11. Bg5 h6 12. Be3 d5 13. b3 dxc4 14. bxc4 e5 15.
dxe5 Nxe5 16. Nxe5 Bxe5 17. Rc1 Qh4 18. Nd5 Bxh3 19. gxh3 Rad8 20. Qb3 Nxd5 21.
cxd5 Qxh3 22. f4 1/2-1/2

[Event "Mauricie op"]
[Site "Trois-Rivieres "]
[Date "2013.03.17"]
[Round "4"]
[White "Thomas, Raymond"]
[Black "Libersan, Thierry"]
[Result "1-0"]
[WhiteElo "1988"]
[BlackElo "2079"]
[PlyCount "61"]
[EventDate "2013.03.15"]
[EventRounds "5"]
[EventCountry "CAN"]
[SourceDate "2005.09.12"]

1. d3 e5 2. Nf3 Nc6 3. g3 d5 4. Bg2 Nf6 5. c4 d4 6. O-O Be7 7. b4 Nd7 8. a3 a5
9. b5 Ncb8 10. a4 f6 11. e3 c5 12. Nh4 O-O 13. Bd5+ Kh8 14. Nf5 Nb6 15. Be4 g6
16. Nxe7 Qxe7 17. exd4 exd4 18. Re1 Re8 19. Bd2 Qf7 20. Bf4 N8d7 21. Bc7 Re6
22. f4 Nf8 23. Bxb6 Rxb6 24. Nd2 Re6 25. Qf3 Qe7 26. Kf2 Rb8 27. Bd5 Rxe1 28.
Rxe1 Qd8 29. Qe2 b6 30. Qe7 Bf5 31. Qf7 1-0

[Event "Mauricie op"]
[Site "Trois-Rivieres "]
[Date "2013.03.17"]
[Round "4"]
[White "Luo, Zhao Yang"]
[Black "Zhou, Qiyu"]
[Result "1-0"]
[WhiteElo "2010"]
[BlackElo "2155"]
[PlyCount "89"]
[EventDate "2013.03.15"]
[EventRounds "5"]
[EventCountry "CAN"]
[SourceDate "2005.09.12"]

1. d4 Nf6 2. Nf3 e6 3. e3 c5 4. Bd3 cxd4 5. exd4 b6 6. O-O Be7 7. c4 Bb7 8. b3
O-O 9. Nc3 d6 10. Bb2 Nbd7 11. Re1 Re8 12. Ng5 h6 13. Nge4 Nxe4 14. Nxe4 Nf6
15. Nxf6+ Bxf6 16. Qg4 Qc7 17. Rad1 Kf8 18. Ba3 Rad8 19. Rc1 Qb8 20. Bf1 Kg8
21. Rc3 d5 22. Rf3 Be7 23. Bxe7 Rxe7 24. Rg3 f5 25. Qg6 Qd6 26. Re5 Kh8 27. Bd3
dxc4 28. Bxf5 exf5 29. Qxd6 Rxd6 30. Rxe7 Rxd4 31. h3 cxb3 32. axb3 Bd5 33.
Rgxg7 Bxb3 34. Rxa7 Rd6 35. Rgb7 Rg6 36. Rb8+ Bg8 37. Rab7 Rg7 38. Rxg7 Kxg7
39. Rxb6 Bd5 40. Kh2 Bc4 41. Kg3 Bf1 42. h4 Be2 43. Kf4 Bf1 44. Kxf5 Bxg2 45.
Rg6+ 1-0

[Event "Mauricie op"]
[Site "Trois-Rivieres "]
[Date "2013.03.18"]
[Round "5"]
[White "Qin, Zi Yi (Joey)"]
[Black "Djerkovic, Miladin"]
[Result "1/2-1/2"]
[WhiteElo "2459"]
[BlackElo "2287"]
[PlyCount "93"]
[EventDate "2013.03.15"]
[EventRounds "5"]
[EventCountry "CAN"]
[SourceDate "2005.09.12"]

1. e4 e5 2. Nf3 Nf6 3. Nxe5 d6 4. Nf3 Nxe4 5. Nc3 Nxc3 6. dxc3 Be7 7. Bf4 O-O
8. Qd2 Nd7 9. O-O-O Nc5 10. Nd4 c6 11. f3 Ne6 12. Be3 Nxd4 13. cxd4 Be6 14. Kb1
a5 15. Bd3 b5 16. c3 f5 17. Qc2 Qe8 18. d5 Bxd5 19. Bxf5 Bxa2+ 20. Ka1 g6 21.
Bxg6 hxg6 22. Kxa2 Qf7+ 23. Kb1 a4 24. Bc1 a3 25. bxa3 d5 26. Rd4 Bxa3 27. Rg4
Kg7 28. Be3 c5 29. h4 Rfe8 30. Bd2 d4 31. cxd4 Re2 32. d5 Bb4 33. Bc3+ Bxc3 34.
Qxc3+ Kh7 35. h5 Qf5+ 36. Re4 Rxe4 37. hxg6+ Kxg6 38. fxe4 Qxe4+ 39. Kc1 Qf4+
40. Kb1 Ra4 41. Qc2+ Kg5 42. Qc1 Rb4+ 43. Ka1 Rd4 44. d6 Rd2 45. Qxc5+ Kf6 46.
Qc3+ Kg6 47. Qb3 1/2-1/2

[Event "Mauricie op"]
[Site "Trois-Rivieres "]
[Date "2013.03.18"]
[Round "5"]
[White "Masse, Hugues"]
[Black "Laptos, Kris"]
[Result "1/2-1/2"]
[WhiteElo "2212"]
[BlackElo "2238"]
[PlyCount "143"]
[EventDate "2013.03.15"]
[EventRounds "5"]
[EventCountry "CAN"]
[SourceDate "2005.09.12"]

1. d4 d6 2. Nf3 f5 3. g3 Nf6 4. Bg2 g6 5. O-O Bg7 6. b3 O-O 7. Bb2 c6 8. c4 Bd7
9. Nbd2 Qe8 10. Qc2 Na6 11. e4 fxe4 12. Nxe4 Nxe4 13. Qxe4 Bf5 14. Qe2 Qd7 15.
Nh4 Bg4 16. f3 Be6 17. Rae1 Nc7 18. f4 Rae8 19. Qd2 Bf6 20. Nf3 b5 21. Rc1 Rb8
22. Ba1 bxc4 23. bxc4 Bf5 24. Rfe1 a5 25. Qxa5 Ra8 26. Qd2 Ra3 27. Re3 Ra4 28.
a3 Rb8 29. Bf1 Ne6 30. Bd3 Ng7 31. Bxf5 Nxf5 32. Rd3 h5 33. Kg2 Qa7 34. Bb2 c5
35. Rc2 Qb7 36. Kf2 cxd4 37. Bxd4 Nxd4 38. Nxd4 Bxd4+ 39. Rxd4 Qh1 40. Qd3
Qxh2+ 41. Kf3 Qh1+ 42. Kf2 Kf7 43. Qe4 Qh2+ 44. Qg2 Qxg2+ 45. Kxg2 Rxa3 46. Rd5
Rbb3 47. Rg5 Rc3 48. Rxc3 Rxc3 49. f5 gxf5 50. Rxf5+ Kg6 51. Rf4 e5 52. Rh4 Rd3
53. Rh1 Kg5 54. Kf2 Rd4 55. Rc1 Kf5 56. c5 dxc5 57. Rxc5 Ke4 58. Rc2 Kd3 59.
Ra2 Ke4 60. Ke2 Rb4 61. Kf2 Rb3 62. Re2+ Kf5 63. Ra2 Kg4 64. Ra4+ Kf5 65. Rh4
Rb2+ 66. Kf3 Rb3+ 67. Kf2 Kg5 68. Re4 Rb5 69. Kf3 Ra5 70. Kf2 Rd5 71. Kf3 Rd3+
72. Kf2 1/2-1/2

[Event "Mauricie op"]
[Site "Trois-Rivieres "]
[Date "2013.03.18"]
[Round "5"]
[White "Berube, Antoine"]
[Black "Nunez, Omar"]
[Result "1-0"]
[WhiteElo "2258"]
[BlackElo "2027"]
[PlyCount "59"]
[EventDate "2013.03.15"]
[EventRounds "5"]
[EventCountry "CAN"]
[SourceDate "2005.09.12"]

1. d4 Nf6 2. c4 c5 3. d5 g6 4. Nc3 d6 5. e4 Bg7 6. Nf3 O-O 7. Bd3 Na6 8. O-O
Nc7 9. h3 a6 10. a4 b6 11. Re1 Nd7 12. Bf4 f6 13. Bg3 Rb8 14. Nd2 Ne5 15. Be2
Bd7 16. f4 Nf7 17. Qc2 Qc8 18. Kh2 b5 19. axb5 axb5 20. cxb5 Nxb5 21. Nxb5 Bxb5
22. Bxb5 Rxb5 23. Nc4 Qb7 24. Re3 Ra8 25. Rxa8+ Qxa8 26. Ra3 Qb7 27. Qb1 Nh6
28. Qa2 Kf7 29. Ra7 Qb8 30. Qa6 1-0

[Event "Mauricie op"]
[Site "Trois-Rivieres "]
[Date "2013.03.18"]
[Round "5"]
[White "Poulin, Mathieu"]
[Black "Luksza, Arkadiusz"]
[Result "1-0"]
[WhiteElo "2002"]
[BlackElo "2129"]
[PlyCount "59"]
[EventDate "2013.03.15"]
[EventRounds "5"]
[EventCountry "CAN"]
[SourceDate "2005.09.12"]

1. d4 d5 2. c4 c6 3. cxd5 cxd5 4. Nc3 Nc6 5. Bf4 e6 6. e3 Nf6 7. Nf3 Be7 8. h3
O-O 9. Bd3 Nb4 10. Bb1 b6 11. a3 Nc6 12. Bd3 Bb7 13. O-O h6 14. Ne5 Nxe5 15.
Bxe5 Nd7 16. Bh2 f5 17. Nb5 Rf6 18. Qe2 Ba6 19. Rac1 Bxb5 20. Bxb5 Rf7 21. Ba6
Qf8 22. Bb7 Re8 23. Rc6 Nf6 24. Qa6 Nh5 25. Rxe6 Rd8 26. Qxa7 f4 27. Qxb6 fxe3
28. Rxe3 Nf4 29. Bxf4 Rxf4 30. Qe6+ 1-0

[Event "Mauricie op"]
[Site "Trois-Rivieres "]
[Date "2013.03.18"]
[Round "5"]
[White "Thomas, Raymond"]
[Black "Luo, Zhao Yang"]
[Result "0-1"]
[WhiteElo "1988"]
[BlackElo "2010"]
[PlyCount "88"]
[EventDate "2013.03.15"]
[EventRounds "5"]
[EventCountry "CAN"]
[SourceDate "2005.09.12"]

1. d3 g6 2. Nf3 Bg7 3. g3 Nf6 4. Bg2 O-O 5. c4 e6 6. Nc3 d5 7. cxd5 exd5 8. O-O
c5 9. d4 Ne4 10. Nxe4 dxe4 11. Ng5 Bxd4 12. Nxe4 Qb6 13. Qc2 Na6 14. Nc3 Nb4
15. Qb1 Bf5 16. e4 Be6 17. a3 Nc6 18. Nd5 Qd8 19. Bf4 Rc8 20. Qc2 Qd7 21. Rad1
Bxd5 22. exd5 Ne7 23. Be3 Nf5 24. Bxd4 Nxd4 25. Qd3 Rfe8 26. Rfe1 Re7 27. Re3
Rce8 28. Rde1 Kf8 29. f4 Qf5 30. Qxf5 Nxf5 31. Re5 f6 32. Rxe7 Rxe7 33. Rxe7
Kxe7 34. Be4 Kd6 35. Kf2 Ne7 36. Ke3 Nxd5+ 37. Kd3 f5 38. Bf3 b5 39. b3 Nb6 40.
Kc3 Nd5+ 41. Kd3 a5 42. Be2 Nf6 43. a4 bxa4 44. bxa4 Ne4 0-1

[Event "Mauricie op"]
[Site "Trois-Rivieres "]
[Date "2013.03.18"]
[Round "5"]
[White "Bleau, John"]
[Black "Trottier, Emile"]
[Result "0-1"]
[WhiteElo "1974"]
[BlackElo "2010"]
[PlyCount "42"]
[EventDate "2013.03.15"]
[EventRounds "5"]
[EventCountry "CAN"]
[SourceDate "2005.09.12"]

1. d4 e6 2. c4 f5 3. Nf3 d5 4. g3 c6 5. Bg2 Nf6 6. O-O Bd6 7. b3 O-O 8. Qc2
Nbd7 9. cxd5 exd5 10. Nh4 Ne4 11. f3 Bxg3 12. Nxf5 Rxf5 13. fxe4 Rxf1+ 14. Bxf1
Qh4 15. hxg3 Qxg3+ 16. Bg2 Qe1+ 17. Kh2 Nf6 18. Qd2 Ng4+ 19. Kh3 Qf2 20. Qg5 h6
21. Qd8+ Kh7 0-1

[Event "Mauricie op"]
[Site "Trois-Rivieres "]
[Date "2013.03.18"]
[Round "5"]
[White "Lebeau, Gilbert"]
[Black "Dumouchel, Alain"]
[Result "1-0"]
[WhiteElo "1978"]
[BlackElo "1967"]
[PlyCount "53"]
[EventDate "2013.03.15"]
[EventRounds "5"]
[EventCountry "CAN"]
[SourceDate "2005.09.12"]

1. d4 d5 2. Bf4 Nf6 3. Nf3 e6 4. e3 Nbd7 5. Bd3 c5 6. c3 Be7 7. h3 b6 8. Bb5
O-O 9. Bc6 Ba6 10. Bxa8 Qxa8 11. Nbd2 Rc8 12. Nb3 Ne4 13. Nc1 cxd4 14. exd4 Qc6
15. Ne2 Qb5 16. Rb1 f6 17. a4 Qc4 18. Bd2 Qa2 19. O-O Bd3 20. Rc1 Qxb2 21. Re1
Ba3 22. Nf4 Nxd2 23. Nxd3 Nxf3+ 24. Qxf3 Qd2 25. Re2 Bxc1 26. Rxd2 Bxd2 27. Qe2
1-0

[Event "Mauricie op"]
[Site "Trois-Rivieres "]
[Date "2013.03.18"]
[Round "5"]
[White "Libersan, Thierry"]
[Black "Gelet, Seymour"]
[Result "0-1"]
[WhiteElo "2079"]
[BlackElo "2103"]
[PlyCount "60"]
[EventDate "2013.03.15"]
[EventRounds "5"]
[EventCountry "CAN"]
[SourceDate "2005.09.12"]

1. e4 c5 2. Nf3 Nc6 3. Bb5 g6 4. Bxc6 bxc6 5. d3 Bg7 6. O-O d6 7. h3 e5 8. c4
Ne7 9. Nc3 f5 10. Bg5 h6 11. Bxe7 Qxe7 12. Qa4 Bd7 13. exf5 gxf5 14. Rfe1 O-O
15. Qc2 Rf6 16. Rab1 Rb8 17. a3 a5 18. Qa4 Be8 19. Qxa5 Bh5 20. Nh2 Rg6 21. Qa4
Qg5 22. Qxc6 e4 23. g3 Bd4 24. Nf1 Qf4 25. Qd5+ Kh8 26. Qxd4+ cxd4 27. Nd5 Qe5
28. dxe4 fxe4 29. b4 e3 30. Kh2 Rf8 0-1

[Event "Mauricie op"]
[Site "Trois-Rivieres "]
[Date "2013.03.18"]
[Round "5"]
[White "Zhou, Qiyu"]
[Black "Wilkin, Alain"]
[Result "1/2-1/2"]
[WhiteElo "2155"]
[BlackElo "1984"]
[PlyCount "48"]
[EventDate "2013.03.15"]
[EventRounds "5"]
[EventCountry "CAN"]
[SourceDate "2005.09.12"]

1. e4 c5 2. Nc3 Nc6 3. f4 d6 4. Nf3 e6 5. Bb5 Bd7 6. Bxc6 bxc6 7. O-O Qc7 8. d3
h5 9. b3 Ne7 10. Nh4 Nc8 11. Bb2 Nb6 12. Qe2 Be7 13. Nf3 O-O-O 14. Na4 f6 15.
Bc3 Nxa4 16. bxa4 d5 17. Qd2 c4 18. e5 Qb6+ 19. d4 Qa6 20. Ba5 Rde8 21. Rab1 c5
22. Rb2 Bxa4 23. Rfb1 Bc6 24. Bc3 f5 1/2-1/2

[Event "Mauricie op"]
[Site "Trois-Rivieres "]
[Date "2013.03.18"]
[Round "5"]
[White "Trottier, Yves"]
[Black "Sun, Mike"]
[Result "0-1"]
[WhiteElo "1865"]
[BlackElo "2084"]
[PlyCount "74"]
[EventDate "2013.03.15"]
[EventRounds "5"]
[EventCountry "CAN"]
[SourceDate "2005.09.12"]

1. e4 c5 2. Nc3 Nc6 3. g3 g6 4. Bg2 Bg7 5. f4 d6 6. Nf3 e6 7. O-O Nge7 8. d3
O-O 9. Be3 Rb8 10. d4 Qb6 11. Ne2 Qxb2 12. Qd2 b6 13. Rfb1 Qa3 14. Nc3 Ba6 15.
Rb3 Qa5 16. Qc1 cxd4 17. Ra3 Qc5 18. Bf2 Bb7 19. Ne2 a6 20. c3 Qc4 21. Nexd4
Nxd4 22. Nxd4 Qc7 23. c4 Rbc8 24. Rc3 Nc6 25. Qd2 Nxd4 26. Bxd4 Bxd4+ 27. Qxd4
Rfd8 28. Qf6 d5 29. exd5 exd5 30. Rd1 dxc4 31. Rxd8+ Rxd8 32. Bxb7 Rd1+ 33. Kf2
Qxb7 34. Re3 Qc8 35. g4 Qc5 36. Ke2 Re1+ 37. Kxe1 Qxe3+ 0-1

[Event "McGill op"]
[Site "Montreal"]
[Date "2013.05.03"]
[Round "1"]
[White "Gueorguiev, Valentin"]
[Black "Masse, Hugues"]
[Result "0-1"]
[WhiteElo "1936"]
[BlackElo "2235"]
[PlyCount "152"]
[EventDate "2013.05.03"]
[EventRounds "5"]
[EventCountry "CAN"]
[SourceDate "2005.09.12"]

1. c4 e5 2. g3 Nf6 3. Bg2 d5 4. cxd5 Nxd5 5. Nc3 Nb6 6. Nf3 Nc6 7. d3 Be7 8.
O-O O-O 9. a3 Be6 10. h3 f6 11. Be3 Nd4 12. Nd2 Nf5 13. Bxb6 axb6 14. Bxb7 Rb8
15. Bg2 Qd7 16. Rc1 Nd4 17. Kh2 c5 18. a4 f5 19. Nc4 Bf6 20. Nd2 Bg5 21. e3 Nc6
22. Nf3 Bf6 23. Qe2 Rbd8 24. Rfd1 Bb3 25. Rd2 Nb4 26. Ne1 Bxa4 27. Nxa4 Qxa4
28. Nc2 Nxc2 29. Rcxc2 Rd6 30. Qe1 Rfd8 31. Bf1 h5 32. Qc1 Qd7 33. b4 cxb4 34.
Qb1 h4 35. Qxb4 hxg3+ 36. fxg3 Bg5 37. d4 exd4 38. Rxd4 Rxd4 39. exd4 Qxd4 40.
Qb5 Rf8 41. Bd3 g6 42. Rg2 Be3 43. Ra2 f4 44. Qc4+ Qxc4 45. Bxc4+ Kg7 46. gxf4
Rxf4 47. Bb5 Rf5 48. Bd7 Rd5 49. Bc6 Rd6 50. Be8 Re6 51. Bd7 Re7 52. Bc6 Bc5
53. Kg2 Kf6 54. Bb5 Re5 55. Rb2 Re3 56. Bc6 Kg5 57. Bf3 Kf4 58. Rc2 Re1 59.
Rc4+ Ke5 60. Rg4 Rg1+ 61. Kh2 Rxg4 62. Bxg4 b5 63. Bd1 Kf4 64. Bc2 g5 65. Kg2
b4 66. Bb3 Bd4 67. Bc2 Bc3 68. Bd1 Be1 69. Kf1 Bh4 70. Bh5 Ke3 71. Bf7 Kd2 72.
Be6 Kc2 73. Bf5+ Kb2 74. Ke2 b3 75. Be6 Kc2 76. Bf5+ Kc1 0-1

[Event "McGill op"]
[Site "Montreal"]
[Date "2013.05.03"]
[Round "1"]
[White "Kleinman, Michael"]
[Black "Zhu, Hong Rui"]
[Result "1-0"]
[WhiteElo "2382"]
[BlackElo "2157"]
[PlyCount "73"]
[EventDate "2013.05.03"]
[EventRounds "5"]
[EventCountry "CAN"]
[SourceDate "2005.09.12"]

1. e4 c5 2. Nf3 d6 3. d4 cxd4 4. Qxd4 Nc6 5. Bb5 Bd7 6. Qd3 Nf6 7. Bg5 e6 8.
Nc3 Be7 9. O-O-O Rc8 10. Kb1 a6 11. Bxc6 Bxc6 12. Nd4 Qc7 13. f4 b5 14. f5 b4
15. Bxf6 gxf6 16. Nce2 e5 17. Nxc6 Qxc6 18. Ng3 Rg8 19. Rhe1 a5 20. Re2 Qc4 21.
Nf1 Qxd3 22. Rxd3 Rg4 23. h3 Rg8 24. Ne3 Kd7 25. Nd5 Rc6 26. a3 Rb8 27. axb4
axb4 28. Rb3 Rc4 29. c3 h5 30. Rxb4 Rcxb4 31. Nxb4 h4 32. Nd5 Rb7 33. b4 Kc6
34. Ra2 Bd8 35. Ra8 Rd7 36. Rb8 Be7 37. Rb6# 1-0

[Event "McGill op"]
[Site "Montreal"]
[Date "2013.05.03"]
[Round "1"]
[White "MacKinnon, Keith"]
[Black "Cloutier, Mario"]
[Result "1-0"]
[WhiteElo "2297"]
[BlackElo "2086"]
[PlyCount "85"]
[EventDate "2013.05.03"]
[EventRounds "5"]
[EventCountry "CAN"]
[SourceDate "2005.09.12"]

1. e4 c5 2. Nf3 Nc6 3. d4 cxd4 4. Nxd4 Nf6 5. Nc3 e5 6. Ndb5 d6 7. a4 Be7 8.
Bg5 Be6 9. Bxf6 Bxf6 10. Nxd6+ Kf8 11. Bc4 Nd4 12. Bxe6 Qxd6 13. Bd5 g6 14. O-O
Qb4 15. Ne2 Nxe2+ 16. Qxe2 a6 17. Ra3 Rb8 18. Rc3 Kg7 19. Rc7 Rhf8 20. b3 Qb6
21. Qc4 Bd8 22. Rxf7+ Rxf7 23. Bxf7 Be7 24. Bd5 Bc5 25. g3 Rc8 26. Kg2 Rc7 27.
Qd3 Bd4 28. Bc4 Rc6 29. c3 Bc5 30. Qd7+ Kh6 31. f4 Rd6 32. Qh3+ Kg7 33. Bd5 Qd8
34. Qg4 exf4 35. gxf4 Rxd5 36. exd5 Qxd5+ 37. Qf3 Qxb3 38. Rd1 Qe6 39. Qxb7+
Kh6 40. Qf3 Qa2+ 41. Kh1 Qxa4 42. Qh3+ Kg7 43. Qd7+ 1-0

[Event "McGill op"]
[Site "Montreal"]
[Date "2013.05.03"]
[Round "1"]
[White "Marcaida, Ren Lionel"]
[Black "Chabot, Roland"]
[Result "1/2-1/2"]
[WhiteElo "2046"]
[BlackElo "2254"]
[PlyCount "49"]
[EventDate "2013.05.03"]
[EventRounds "5"]
[EventCountry "CAN"]
[SourceDate "2005.09.12"]

1. d4 d6 2. c4 e5 3. d5 Nf6 4. Nc3 Be7 5. e4 Nbd7 6. Nf3 Nc5 7. Nd2 a5 8. Be2
c6 9. O-O O-O 10. Qc2 a4 11. Rb1 Bd7 12. b4 axb3 13. axb3 cxd5 14. cxd5 Qb8 15.
b4 Na4 16. Nxa4 Bxa4 17. Qd3 Rc8 18. Nb3 Qc7 19. Bd2 Qc2 20. Rfc1 Qxd3 21. Bxd3
Bxb3 22. Rxc8+ Rxc8 23. Rxb3 Bd8 24. Ra3 Bb6 25. h3 1/2-1/2

[Event "McGill op"]
[Site "Montreal"]
[Date "2013.05.03"]
[Round "1"]
[White "Sambuev, Bator"]
[Black "Zhang, Yuan Chen"]
[Result "1-0"]
[WhiteElo "2676"]
[BlackElo "2210"]
[PlyCount "87"]
[EventDate "2013.05.03"]
[EventRounds "5"]
[EventCountry "CAN"]
[SourceDate "2005.09.12"]

1. d4 Nf6 2. Nf3 e6 3. e3 b6 4. Bd3 Bb7 5. O-O d6 6. c4 Nbd7 7. Nc3 c5 8. a3
Be7 9. b4 cxd4 10. exd4 Rc8 11. Bf4 a6 12. h3 O-O 13. Rc1 Re8 14. Bh2 Bf8 15.
Re1 Qc7 16. Bf1 e5 17. dxe5 Nxe5 18. Nxe5 dxe5 19. Re3 g6 20. Qe2 Bh6 21. Rxe5
Bxc1 22. Rxe8+ Rxe8 23. Bxc7 Rxe2 24. Bxe2 Bxa3 25. b5 axb5 26. cxb5 Bc5 27.
Na4 Nd5 28. Nxc5 bxc5 29. Bd6 Nc3 30. Bc4 Na4 31. Bb3 Nc3 32. b6 Ne2+ 33. Kf1
Nd4 34. Bc4 Ne6 35. f4 Kg7 36. g4 h5 37. g5 Nd4 38. Bxc5 Nf3 39. Bb4 Nh4 40.
Kf2 Nf5 41. Bd3 Nh4 42. Kg3 Nf3 43. Bf1 Nd4 44. Bc3 1-0

[Event "McGill op"]
[Site "Montreal"]
[Date "2013.05.05"]
[Round "2"]
[White "Cardona, Misael"]
[Black "Gueorguiev, Valentin"]
[Result "1/2-1/2"]
[WhiteElo "2096"]
[BlackElo "1936"]
[PlyCount "127"]
[EventDate "2013.05.03"]
[EventRounds "5"]
[EventCountry "CAN"]
[SourceDate "2005.09.12"]

1. d4 g6 2. c4 Bg7 3. Nf3 c5 4. e3 Nc6 5. Nc3 cxd4 6. exd4 Nf6 7. d5 Nb4 8. Be2
O-O 9. O-O d6 10. a3 Na6 11. Be3 Bf5 12. Nd4 Bd7 13. b4 b6 14. Rc1 Nc7 15. Bf3
Rc8 16. Qb3 Ng4 17. Bxg4 Bxg4 18. Nc6 Qd7 19. Nxa7 Nxd5 20. Nxd5 Qxa7 21. Nxb6
Rb8 22. c5 Be6 23. Nd5 Bxd5 24. Qxd5 Qxa3 25. cxd6 e6 26. Qc6 Qxb4 27. Rfd1 Bf6
28. d7 Rfd8 29. Ba7 Rb7 30. Be3 Kg7 31. h4 h6 32. g3 Qb2 33. Kg2 Qb4 34. Rc4
Qb3 35. Rcc1 Qb4 36. Rc4 Qb3 37. Rd2 Rbxd7 38. Rxd7 Rxd7 39. Rc5 Qb7 40. Qxb7
Rxb7 41. Rc6 Rd7 42. Ra6 Bd4 43. Bxd4+ Rxd4 44. Kf3 Kf6 45. Ra7 g5 46. hxg5+
hxg5 47. Ke3 Rb4 48. Kf3 Kg6 49. Ra6 Kf5 50. Ra7 g4+ 51. Ke3 Rb3+ 52. Ke2 f6
53. Ra4 Rb5 54. Rf4+ Kg5 55. Ra4 e5 56. Ra8 Rb4 57. Ke3 Kf5 58. Ra6 Rb3+ 59.
Ke2 Kg5 60. Ra8 f5 61. Re8 Rb2+ 62. Kf1 Kf6 63. Ra8 Rc2 64. Ra6+ 1/2-1/2

[Event "McGill op"]
[Site "Montreal"]
[Date "2013.05.04"]
[Round "2"]
[White "Chabot, Roland"]
[Black "Luo, Zhao Yang"]
[Result "1-0"]
[WhiteElo "2254"]
[BlackElo "2078"]
[PlyCount "63"]
[EventDate "2013.05.03"]
[EventRounds "5"]
[EventCountry "CAN"]
[SourceDate "2005.09.12"]

1. Nf3 Nf6 2. c4 g6 3. g3 Bg7 4. Bg2 O-O 5. O-O c6 6. d4 d6 7. Nc3 Qa5 8. e4
Na6 9. Bd2 Qh5 10. Ne1 Bg4 11. f3 Bh3 12. Be3 Rab8 13. Nd3 e5 14. d5 Ra8 15.
Qd2 Bxg2 16. Kxg2 h6 17. Qf2 g5 18. g4 Qg6 19. h3 Rfc8 20. Qe2 Nd7 21. Nf2 Bf6
22. Nh1 Bd8 23. Ng3 Ba5 24. Nf5 Kf8 25. dxc6 Rxc6 26. Rad1 Bc7 27. h4 Nac5 28.
hxg5 Ne6 29. Rh1 Nxg5 30. Rxh6 Qg8 31. Bxg5 Qxg5 32. Rh8+ 1-0

[Event "McGill op"]
[Site "Montreal"]
[Date "2013.05.05"]
[Round "2"]
[White "Guo, Forest"]
[Black "Bouchard, Jean-Marc"]
[Result "1-0"]
[WhiteElo "2019"]
[BlackElo "2090"]
[PlyCount "71"]
[EventDate "2013.05.03"]
[EventRounds "5"]
[EventCountry "CAN"]
[SourceDate "2005.09.12"]

1. e4 e6 2. d4 d5 3. e5 Bd7 4. Nf3 a6 5. Bd3 Bb5 6. O-O Bxd3 7. Qxd3 h6 8. Nbd2
Ne7 9. Re1 Nd7 10. Nf1 c5 11. c3 Nc6 12. a3 c4 13. Qc2 b5 14. g4 Be7 15. Ng3
Nf8 16. Kg2 g5 17. Nh5 Na5 18. Be3 Nb3 19. Rad1 a5 20. Ng1 Ng6 21. Kh1 Qb6 22.
Nh3 O-O-O 23. f4 gxf4 24. N3xf4 Nxf4 25. Bxf4 Rdg8 26. h3 b4 27. axb4 axb4 28.
Rf1 Rf8 29. Be3 Qd8 30. Nf6 h5 31. g5 Bxf6 32. Rxf6 bxc3 33. bxc3 Rhg8 34. Rdf1
Rg7 35. g6 Rxg6 36. Qxg6 1-0